| 000 | 00722nam a2200277Ia 4500 | ||
|---|---|---|---|
| 001 | 22867 | ||
| 005 | 20240114000658.0 | ||
| 007 | ta | ||
| 008 | 060322s1947 g b000 u 465 u | ||
| 040 | _aCotton College,Assam | ||
| 041 | _a465 | ||
| 082 |
_a334.4 _bC 23 So |
||
| 100 | _aCarr, Edward H. . | ||
| 245 | 0 |
_aThe Soviet Impact on the Western World / _cEdward H. Carr. _hTextual Documents |
|
| 250 | _a1st ed. / | ||
| 260 |
_aNew York : _bThe Macmillan Company , _c1947. |
||
| 300 |
_a115p. ; _c22cm. |
||
| 653 | _aEconomics | ||
| 653 | _aG-Economics | ||
| 653 | _aT/G-Economics | ||
| 653 | _aSoviat Economy | ||
| 942 |
_2ddc _cBK |
||
| 999 |
_c22849 _d22849 |
||